[Event "Quebec op"]
[Site "Montreal CAN"]
[Date "2006.07.14"]
[Round "8"]
[White "Kunte, Abhijit"]
[Black "Barbeau, Sylvain"]
[Result "1-0"]
[WhiteElo "2535"]
[BlackElo "2442"]
[PlyCount "78"]
[EventDate "2006.07.08"]
[EventType "swiss"]
[EventRounds "9"]
[EventCountry "CAN"]

1. e4 e6 2. d4 d5 3. e5 c5 4. c3 Nc6 5. Nf3 Qb6 6. a3 Nh6 7. b4 cxd4 8. cxd4
Nf5 9. Bb2 Bd7 10. g4 Nh6 11. Rg1 f6 12. exf6 gxf6 13. Nc3 Nf7 14. Rc1 Bh6 15.
Rc2 Ne7 16. h4 Ng6 17. Bc1 Bxc1 18. Qxc1 a5 19. b5 a4 20. g5 fxg5 21. hxg5 Qd6
22. Rg3 O-O 23. Bd3 Nfh8 24. Qe3 Be8 25. Ne2 Qxa3 26. Nh2 Qb4+ 27. Kf1 Qe7 28.
Ng4 Bd7 29. Rf3 Rxf3 30. Qxf3 a3 31. Nf6+ Kg7 32. Qh5 Nf8 33. Qh6+ Kf7 34. Bxh7
Qb4 35. Nxd7 Nxd7 36. g6+ Ke7 37. g7 Nf7 38. Qh4+ Kd6 39. Qf4+ e5 1-0

[Event "Quebec-ch"]
[Site "Montreal CAN"]
[Date "2005.09.16"]
[Round "1"]
[White "McDonough, Jonathan"]
[Black "Barbeau, Sylvain"]
[Result "0-1"]
[WhiteElo "2212"]
[BlackElo "2435"]
[PlyCount "94"]
[EventDate "2005.09.25"]
[EventType "tourn"]
[EventRounds "9"]
[EventCountry "CAN"]

1. d4 Nf6 2. c4 g6 3. Nc3 d5 4. cxd5 Nxd5 5. e4 Nxc3 6. bxc3 Bg7 7. Nf3 c5 8.
Rb1 O-O 9. Be2 b6 10. O-O Bb7 11. Qd3 e6 12. Bg5 Qd6 13. Qe3 Rc8 14. Rfd1 Nd7
15. Rd2 Qf8 16. a4 h6 17. Bh4 cxd4 18. cxd4 g5 19. Bg3 Nf6 20. Bd3 Rc3 21. e5
Ne4 22. Rc2 Rac8 23. Rxc3 Rxc3 24. Qe2 Nxg3 25. hxg3 Qa3 26. Bb5 Rc1+ 27. Rxc1
Qxc1+ 28. Kh2 Qc3 29. Qd1 Be4 30. Ng1 Qc2 31. Qg4 Bd5 32. Nh3 Kf8 33. f3 Bb7
34. Kg1 Qd2 35. Kh2 a6 36. Bf1 Qd1 37. Kg1 Bd5 38. Nf2 Qxa4 39. Bd3 a5 40. Kh2
Qb3 41. Bh7 Qe3 42. Nd3 Bc4 43. Nb2 Bb3 44. Bd3 h5 45. Qxh5 Qxd4 46. Qxg5 Bxe5
47. f4 Bf6 0-1

[Event "Quebec-ch"]
[Site "Montreal CAN"]
[Date "2005.09.17"]
[Round "2"]
[White "Malek, Omid"]
[Black "Barbeau, Sylvain"]
[Result "0-1"]
[WhiteElo "2165"]
[BlackElo "2435"]
[PlyCount "78"]
[EventDate "2005.09.25"]
[EventType "tourn"]
[EventRounds "9"]
[EventCountry "CAN"]

1. e4 e5 2. Nf3 Nc6 3. Bb5 a6 4. Ba4 d6 5. c3 f5 6. d3 Nf6 7. Bg5 h6 8. Bxf6
Qxf6 9. Nbd2 Bd7 10. b4 Be7 11. Bb3 f4 12. Bd5 g5 13. h3 h5 14. Qb3 Nd8 15. d4
g4 16. dxe5 dxe5 17. Ng1 c6 18. Bc4 b5 19. Be2 a5 20. hxg4 hxg4 21. Rxh8+ Qxh8
22. bxa5 Rxa5 23. Qd1 f3 24. Ndxf3 gxf3 25. Bxf3 Be6 26. Bh5+ Nf7 27. g4 Qf6
28. Nh3 Kf8 29. Kf1 Ra3 30. Kg2 Ng5 31. Nxg5 Qxg5 32. c4 b4 33. Rb1 Kg7 34. Qe2
Rc3 35. c5 Bc4 36. Qd1 Bd3 37. Rxb4 Qf4 38. Qe1 Rc1 39. Qe3 Bf1+ 0-1

[Event "Quebec-ch"]
[Site "Montreal CAN"]
[Date "2005.09.18"]
[Round "3"]
[White "Barbeau, Sylvain"]
[Black "Bolduc, Steve"]
[Result "1/2-1/2"]
[WhiteElo "2435"]
[BlackElo "2206"]
[PlyCount "82"]
[EventDate "2005.09.25"]
[EventType "tourn"]
[EventRounds "9"]
[EventCountry "CAN"]

1. e4 c5 2. Nf3 d6 3. d4 cxd4 4. Nxd4 Nf6 5. Nc3 a6 6. f4 e5 7. Nf3 Nbd7 8. a4
Be7 9. Bd3 O-O 10. O-O Nc5 11. Kh1 exf4 12. Bxf4 Bg4 13. Qd2 Rc8 14. Be3 Re8
15. Bd4 Ne6 16. Bg1 Nc5 17. Bd4 Ne6 18. Bg1 Nc5 19. a5 Bf8 20. Qf4 Bh5 21. Nh4
Re5 22. Nf5 Bg6 23. Bd4 Ne6 24. Bb6 Qxb6 25. axb6 Nxf4 26. Rxf4 d5 27. exd5 Bc5
28. d6 Bxf5 29. Bxf5 Rd8 30. d7 Bxb6 31. Rd1 Nxd7 32. g3 Nc5 33. Rxd8+ Bxd8 34.
Bc8 Bg5 35. Rf5 Rxf5 36. Bxf5 g6 37. Bc8 a5 38. b3 Kf8 39. Na4 Nxa4 40. bxa4 b6
41. Bd7 f5 1/2-1/2

[Event "Quebec-ch"]
[Site "Montreal CAN"]
[Date "2005.09.19"]
[Round "4"]
[White "Laptos, Kris"]
[Black "Barbeau, Sylvain"]
[Result "1/2-1/2"]
[WhiteElo "2279"]
[BlackElo "2435"]
[PlyCount "76"]
[EventDate "2005.09.25"]
[EventType "tourn"]
[EventRounds "9"]
[EventCountry "CAN"]

1. e4 e5 2. Bc4 Nf6 3. d3 Nc6 4. Nf3 h6 5. O-O d6 6. c3 g6 7. Qe2 Bg7 8. Nbd2
Nh5 9. Nb3 Qf6 10. d4 Bg4 11. Bb5 Bxf3 12. Qxf3 Qxf3 13. gxf3 Ke7 14. Be3 Nd8
15. d5 f5 16. Bd3 Rf8 17. c4 b6 18. Nc1 a5 19. Ne2 Nb7 20. exf5 gxf5 21. Ng3
Nxg3 22. fxg3 h5 23. Bc2 Rf7 24. Rae1 Rh8 25. b3 Bh6 26. f4 e4 27. Kf2 Bg7 28.
h3 Bf6 29. Rg1 Nc5 30. Ke2 Rg7 31. Rg2 Rhg8 32. Reg1 Bc3 33. Bf2 Kf7 34. Bb1
Rg6 35. Rc1 Bb2 36. Rcg1 Bc3 37. Rc1 Bb2 38. Rcg1 Bc3 1/2-1/2

[Event "Quebec-ch"]
[Site "Montreal CAN"]
[Date "2005.09.20"]
[Round "5"]
[White "Barbeau, Sylvain"]
[Black "Robidas, Francois"]
[Result "1-0"]
[WhiteElo "2435"]
[BlackElo "2045"]
[PlyCount "121"]
[EventDate "2005.09.25"]
[EventType "tourn"]
[EventRounds "9"]
[EventCountry "CAN"]

1. e4 Nf6 2. e5 Nd5 3. d4 d6 4. c4 Nb6 5. exd6 cxd6 6. Nc3 g6 7. Be3 Bg7 8. Rc1
O-O 9. b3 Nc6 10. d5 Ne5 11. Be2 a5 12. f4 Ned7 13. Nf3 Nf6 14. Nd4 Nbd7 15.
O-O Nc5 16. Bf3 Bd7 17. h3 Qc8 18. Kh2 Bf5 19. Nxf5 gxf5 20. Bd4 Qd7 21. Re1
Rfe8 22. Qd2 Rad8 23. Re2 e6 24. dxe6 fxe6 25. Rce1 b6 26. Bf2 Qf7 27. Bh4 Qg6
28. Re3 Bh6 29. g3 Rf8 30. Qe2 Rde8 31. Qd1 e5 32. Bc6 Rc8 33. Bd5+ Kh8 34. Rf3
e4 35. Rff1 Bg7 36. Re3 Nfd7 37. g4 Rce8 38. Rg3 Nd3 39. Ne2 N7c5 40. Rg2 Nb2
41. Qc2 Nbd3 42. gxf5 Qxf5 43. Rg5 Qd7 44. Rfg1 Bb2 45. Be1 Ne6 46. Bc3+ Bxc3
47. Qxc3+ Ne5 48. Bxe6 Qxe6 49. R5g3 Qf6 50. fxe5 Rxe5 51. R1g2 Qe7 52. Nd4 Qd7
53. Nc2 h6 54. Ne3 Kh7 55. Qd4 Rf7 56. Rg4 Qe6 57. Rg6 Rf6 58. Rg7+ Kh8 59.
Rg8+ Qxg8 60. Rxg8+ Kxg8 61. Ng4 1-0

[Event "Quebec-ch"]
[Site "Montreal CAN"]
[Date "2005.09.22"]
[Round "6"]
[White "Khassanov, Marat"]
[Black "Barbeau, Sylvain"]
[Result "1/2-1/2"]
[WhiteElo "2339"]
[BlackElo "2435"]
[PlyCount "96"]
[EventDate "2005.09.25"]
[EventType "tourn"]
[EventRounds "9"]
[EventCountry "CAN"]

1. e4 e5 2. Nf3 Nc6 3. Nc3 Nf6 4. d4 exd4 5. Nd5 Nb4 6. Nxd4 Nfxd5 7. exd5 Qf6
8. Nb5 Bc5 9. Qd2 O-O 10. a3 Nxd5 11. Qxd5 Qxf2+ 12. Kd1 c6 13. Qd2 Qxd2+ 14.
Bxd2 cxb5 15. Bxb5 d5 16. Bb4 b6 17. Bc6 Bg4+ 18. Kd2 Rad8 19. Rhe1 Rd6 20. Bb7
a5 21. Bxc5 bxc5 22. b4 axb4 23. axb4 cxb4 24. Ra5 Be6 25. Rb5 Rb8 26. Rxb4 g5
27. c3 Kg7 28. Ra1 Bf5 29. Ra6 Rxa6 30. Bxa6 Ra8 31. Rb6 Ra7 32. g3 Re7 33. Rd6
Be4 34. c4 Re6 35. Rxe6 fxe6 36. Ke3 Kf6 37. Kd4 e5+ 38. Ke3 Bg2 39. cxd5 Bxd5
40. Bd3 h6 41. Bc2 Be6 42. Bd3 Bf5 43. Bc4 Ke7 44. Bb5 Kd6 45. Ba6 Kc5 46. Be2
Kb4 47. Bd1 Kc3 48. Ba4 Bg6 1/2-1/2

[Event "Quebec-ch"]
[Site "Montreal CAN"]
[Date "2005.09.23"]
[Round "7"]
[White "Barbeau, Sylvain"]
[Black "Chabot, Roland"]
[Result "1-0"]
[WhiteElo "2435"]
[BlackElo "2284"]
[PlyCount "89"]
[EventDate "2005.09.25"]
[EventType "tourn"]
[EventRounds "9"]
[EventCountry "CAN"]

1. e4 c5 2. Nf3 d6 3. Bb5+ Bd7 4. Bxd7+ Qxd7 5. c4 Nc6 6. Nc3 g6 7. d4 cxd4 8.
Nxd4 Bg7 9. Be3 Nf6 10. f3 O-O 11. O-O Rfc8 12. b3 Qd8 13. Qd2 Qa5 14. Rfd1 Nd7
15. Rac1 Nxd4 16. Bxd4 Bxd4+ 17. Qxd4 Qc5 18. Qxc5 Nxc5 19. Kf2 Kf8 20. Ke3 b6
21. g4 Rab8 22. h4 a6 23. f4 b5 24. cxb5 axb5 25. Nd5 Na6 26. f5 e6 27. fxe6
fxe6 28. Rf1+ Kg7 29. Ne7 Rc7 30. Rxc7 Nxc7 31. Rc1 Ne8 32. Rc8 Rxc8 33. Nxc8
e5 34. a4 bxa4 35. bxa4 Kf7 36. Kd3 Ke6 37. Nb6 Nc7 38. Kc4 h6 39. a5 g5 40. h5
Na6 41. Kb5 Nc7+ 42. Kc6 Na6 43. Nd5 Nc5 44. Nc7+ Ke7 45. a6 1-0

[Event "Quebec-ch"]
[Site "Montreal CAN"]
[Date "2005.09.25"]
[Round "9"]
[White "Barbeau, Sylvain"]
[Black "Voskanyan, Vahagn"]
[Result "1-0"]
[WhiteElo "2435"]
[BlackElo "2320"]
[PlyCount "148"]
[EventDate "2005.09.25"]
[EventType "tourn"]
[EventRounds "9"]
[EventCountry "CAN"]

1. d4 d5 2. c4 c6 3. Nf3 Nf6 4. Nc3 g6 5. cxd5 cxd5 6. Bf4 Bg7 7. e3 O-O 8. Be2
Nc6 9. Ne5 Qb6 10. a3 Bf5 11. Na4 Qd8 12. Nxc6 bxc6 13. O-O Nd7 14. Rc1 e5 15.
dxe5 Nxe5 16. b3 Qd7 17. Qd2 Rac8 18. Rfd1 Rfe8 19. Qa5 Qe7 20. Nc5 h5 21. h3
Bf6 22. Ba6 Rb8 23. Qa4 Rb6 24. Bf1 Kg7 25. Bh2 g5 26. Nd3 Nxd3 27. Bxd3 Bxd3
28. Rxd3 Qb7 29. b4 Re4 30. Qd1 Kg6 31. Bd6 Be7 32. Bxe7 Qxe7 33. Rc5 Kh6 34.
Rd4 Qe5 35. Rxe4 Qxe4 36. Qa1 Qe6 37. Qc3 f6 38. a4 Qe5 39. Qxe5 fxe5 40. b5
cxb5 41. axb5 Kg6 42. Rxd5 Kf5 43. Rc5 a6 44. bxa6 Rxa6 45. g4+ hxg4 46. hxg4+
Kf6 47. Kg2 Ra4 48. Kf3 Rb4 49. Rc1 Ra4 50. Rg1 Rb4 51. Rg3 Ra4 52. Kg2 Rb4 53.
Rf3+ Kg6 54. Kg3 Ra4 55. Rf5 Ra5 56. Kf3 Rb5 57. Ke2 Rd5 58. Kf3 Ra5 59. Ke4
Ra4+ 60. Kxe5 Rxg4 61. Rf6+ Kg7 62. Rf5 Rg1 63. e4 Kg6 64. Rf6+ Kg7 65. Ke6 g4
66. e5 g3 67. f4 Ra1 68. Kf5 Rg1 69. Rg6+ Kf7 70. e6+ Ke7 71. Rg7+ Kd6 72. Rd7+
Kc6 73. Rd2 g2 74. Re2 Kd6 1-0

[Event "Montreal-Toronto m"]
[Site "Kingston CAN"]
[Date "1994.09.24"]
[Round "1"]
[White "Livshits, Ron"]
[Black "Barbeau, Sylvain"]
[Result "1/2-1/2"]
[WhiteElo "2415"]
[BlackElo "2431"]
[PlyCount "68"]
[EventDate "1994.09.24"]
[EventType "team (rapid)"]
[EventRounds "1"]
[EventCountry "CAN"]

1. g3 f5 2. d4 g6 3. Bg2 Nf6 4. c4 Bg7 5. Nc3 d6 6. d5 O-O 7. Nh3 c6 8. Nf4 e5
9. dxe6 Qe7 10. O-O Na6 11. Qc2 Bxe6 12. Nxe6 Qxe6 13. b3 Nc5 14. Bb2 Rfe8 15.
Rad1 Rad8 16. e3 Nce4 17. Ne2 Qf7 18. Bd4 a6 19. Nf4 d5 20. cxd5 Nxd5 21. Nxd5
Rxd5 22. Bxg7 Kxg7 23. Rxd5 Qxd5 24. Rd1 Qe5 25. Bxe4 fxe4 26. Rd7+ Re7 27. Qd2
Rf7 28. h4 Qa1+ 29. Kg2 Qf6 30. b4 Kh6 31. Rxf7 Qxf7 32. Qd8 Qf5 33. Qd1 Qd5
34. Qg4 Qf5 1/2-1/2

[Event "Quebec op"]
[Site "Montreal CAN"]
[Date "1994.07.23"]
[Round "1"]
[White "Delisle, Claude"]
[Black "Barbeau, Sylvain"]
[Result "0-1"]
[WhiteElo "1953"]
[BlackElo "2428"]
[PlyCount "54"]
[EventDate "1994.07.23"]
[EventType "swiss"]
[EventRounds "8"]
[EventCountry "CAN"]

1. e3 g6 2. d4 Bg7 3. c4 Nf6 4. Nc3 O-O 5. Nf3 d5 6. cxd5 Nxd5 7. Bc4 Nxc3 8.
bxc3 c5 9. O-O Qc7 10. Qe2 Nd7 11. e4 Nb6 12. Bd3 Bg4 13. Be3 e5 14. d5 Nc8 15.
h3 Bxf3 16. Qxf3 Nd6 17. g4 Rae8 18. g5 f5 19. gxf6 Rxf6 20. Qg3 Nf7 21. f4 Bh6
22. f5 Bxe3+ 23. Qxe3 gxf5 24. exf5 e4 25. Rf4 Nd6 26. Bxe4 Kh8 27. Kh1 Nxf5
0-1

[Event "Quebec op"]
[Site "Montreal CAN"]
[Date "1994.07.24"]
[Round "2"]
[White "Barbeau, Sylvain"]
[Black "Bouchard, Jean-Marc"]
[Result "1-0"]
[WhiteElo "2428"]
[BlackElo "2012"]
[PlyCount "29"]
[EventDate "1994.07.23"]
[EventType "swiss"]
[EventRounds "8"]
[EventCountry "CAN"]

1. e4 b6 2. Nf3 Bb7 3. d3 g6 4. g3 Bg7 5. Bg2 c5 6. O-O Nc6 7. c3 e6 8. d4 d6
9. Re1 e5 10. Na3 Nge7 11. dxc5 dxc5 12. Nc4 Qxd1 13. Rxd1 Nc8 14. Bh3 Ke7 15.
Rd7+ 1-0

[Event "Quebec op"]
[Site "Montreal CAN"]
[Date "1994.07.25"]
[Round "3"]
[White "Milicevic, Goran"]
[Black "Barbeau, Sylvain"]
[Result "0-1"]
[WhiteElo "2221"]
[BlackElo "2428"]
[PlyCount "74"]
[EventDate "1994.07.23"]
[EventType "swiss"]
[EventRounds "8"]
[EventCountry "CAN"]

1. Nf3 f5 2. d4 Nf6 3. g3 g6 4. Bg2 Bg7 5. O-O O-O 6. c4 d6 7. Nc3 Nc6 8. b3 h6
9. Bb2 g5 10. d5 Ne5 11. Nxe5 dxe5 12. e4 f4 13. f3 h5 14. Ne2 Qd6 15. gxf4
gxf4 16. Qe1 Nh7 17. Kh1 Qh6 18. Ng1 Ng5 19. h4 Nf7 20. Bh3 Bf6 21. Bxc8 Raxc8
22. Nh3 Kh7 23. Rg1 Rg8 24. Qf2 b6 25. a3 Nh8 26. Ng5+ Bxg5 27. hxg5 Rxg5 28.
Rxg5 Qxg5 29. Rg1 Qf6 30. Qh2 Kh6 31. b4 Ng6 32. Kg2 c6 33. Rc1 cxd5 34. exd5
Qf5 35. Qh3 Qd3 36. Qxc8 Nh4+ 37. Kg1 Qg6+ 0-1

[Event "Quebec op"]
[Site "Montreal CAN"]
[Date "1994.07.28"]
[Round "6"]
[White "Leveille, Francois"]
[Black "Barbeau, Sylvain"]
[Result "1/2-1/2"]
[WhiteElo "2342"]
[BlackElo "2428"]
[PlyCount "103"]
[EventDate "1994.07.23"]
[EventType "swiss"]
[EventRounds "8"]
[EventCountry "CAN"]

1. e4 c5 2. Nf3 Nc6 3. d4 cxd4 4. Nxd4 Qb6 5. Nb3 Nf6 6. Nc3 e6 7. a3 d6 8. g4
Be7 9. g5 Nd7 10. Rg1 a6 11. Be3 Qc7 12. Nd4 Nb6 13. Nxc6 Qxc6 14. Qd4 Nd7 15.
Qxg7 Rf8 16. Qxh7 Ne5 17. O-O-O Bd7 18. f4 Ng6 19. Qg7 Rh8 20. h3 Rh4 21. Bg2
Bf8 22. Qd4 Nxf4 23. Bxf4 Rxf4 24. Qd2 Rh4 25. e5 d5 26. Nxd5 exd5 27. Bxd5 Qa4
28. Bxf7+ Kxf7 29. Qxd7+ Qxd7 30. Rxd7+ Ke6 31. Rxb7 Rxh3 32. g6 Bc5 33. Rg2
Rh1+ 34. Kd2 Rd8+ 35. Kc3 Rh3+ 36. Kc4 Rc8 37. c3 Bxa3+ 38. Kb3 Bc5 39. g7 Rg8
40. Rg6+ Kxe5 41. Rxa6 Rg3 42. Rb5 Kd5 43. Raa5 Rc8 44. Ka4 Rxg7 45. b4 Rgc7
46. Kb3 Kd6 47. Ra6+ Kd7 48. Rxc5 Rxc5 49. bxc5 Rxc5 50. Kb4 Rg5 51. c4 Kc7 52.
Rh6 1/2-1/2

[Event "Groupe Commerce"]
[Site "Thetford Mines CAN"]
[Date "1994.07.02"]
[Round "2"]
[White "Barbeau, Sylvain"]
[Black "Saint Amand, Paul"]
[Result "1-0"]
[WhiteElo "2431"]
[BlackElo "2019"]
[PlyCount "57"]
[EventDate "1994.07.01"]
[EventType "swiss"]
[EventRounds "5"]
[EventCountry "CAN"]

1. e4 c5 2. Nc3 Nc6 3. g3 g6 4. Bg2 Bg7 5. d3 d6 6. Be3 e5 7. Qd2 Nge7 8. h4 h5
9. Nh3 Nd4 10. f4 Bg4 11. O-O Qd7 12. Kh2 O-O 13. Rf2 Rac8 14. Raf1 f6 15. Nd1
b5 16. c3 Ndc6 17. fxe5 Nxe5 18. d4 Nc4 19. Qd3 Bxd1 20. Rxd1 Nxe3 21. Qxe3 Qe6
22. Nf4 Qxa2 23. dxc5 dxc5 24. Rd7 Rfe8 25. e5 Nf5 26. Qd2 Qa6 27. Nxg6 Nh6 28.
Bh3 Rb8 29. exf6 1-0

[Event "Quebec-ch"]
[Site "Montreal CAN"]
[Date "1994.05.31"]
[Round "2"]
[White "Barbeau, Sylvain"]
[Black "Leveille, Francois"]
[Result "1-0"]
[WhiteElo "2380"]
[BlackElo "2330"]
[PlyCount "73"]
[EventDate "1994.05.30"]
[EventType "tourn"]
[EventRounds "9"]
[EventCountry "CAN"]

1. e4 e6 2. d4 d5 3. exd5 exd5 4. Nf3 Nf6 5. Bd3 Be7 6. O-O O-O 7. h3 c5 8. c3
Nc6 9. Re1 h6 10. Nbd2 a6 11. Ne5 cxd4 12. Nxc6 bxc6 13. cxd4 c5 14. dxc5 Bxc5
15. Nb3 Bd6 16. Qf3 Bb7 17. Nd4 Ne4 18. Nf5 Bb4 19. Re2 Bc8 20. Nxh6+ gxh6 21.
Bxh6 f5 22. Bxe4 dxe4 23. Qg3+ Kf7 24. Qb3+ Kg6 25. Bxf8 Bxf8 26. Rd1 Qf6 27.
Qg8+ Qg7 28. Qc4 Bb7 29. Re3 Kh6 30. Rg3 Qf6 31. Qc7 Bc6 32. Qf4+ Kh7 33. Rg5
Bh6 34. Qxf5+ Qxf5 35. Rxf5 Re8 36. Rd6 Bb5 37. Rh5 1-0

[Event "Quebec-ch"]
[Site "Montreal CAN"]
[Date "1994.06.01"]
[Round "3"]
[White "Beregovoy, Alexander"]
[Black "Barbeau, Sylvain"]
[Result "1/2-1/2"]
[WhiteElo "2305"]
[BlackElo "2380"]
[PlyCount "32"]
[EventDate "1994.05.30"]
[EventType "tourn"]
[EventRounds "9"]
[EventCountry "CAN"]

1. d4 Nf6 2. Nf3 d5 3. e3 g6 4. c4 Bg7 5. Nc3 O-O 6. cxd5 Nxd5 7. Qb3 Nb6 8.
Be2 Be6 9. Qc2 c5 10. O-O cxd4 11. Nxd4 Bc4 12. Bxc4 Nxc4 13. Rd1 Nd7 14. Qe2
Rc8 15. b3 Nd6 16. Ncb5 Nxb5 1/2-1/2

[Event "Quebec-ch"]
[Site "Montreal CAN"]
[Date "1994.06.06"]
[Round "6"]
[White "Barbeau, Sylvain"]
[Black "Koliada, Timour"]
[Result "1-0"]
[WhiteElo "2380"]
[BlackElo "2355"]
[PlyCount "99"]
[EventDate "1994.05.30"]
[EventType "tourn"]
[EventRounds "9"]
[EventCountry "CAN"]

1. e4 g6 2. Nc3 Bg7 3. g3 d6 4. Bg2 c5 5. d3 Nc6 6. f4 f5 7. Nf3 Nf6 8. O-O O-O
9. Kh1 Kh8 10. Be3 Be6 11. Qd2 Bg8 12. Bg1 a6 13. Rfe1 Qd7 14. Re2 Rac8 15.
exf5 gxf5 16. Rae1 e6 17. d4 c4 18. Ng5 d5 19. Na4 Qc7 20. Nc5 Nd8 21. Ncxe6
Nxe6 22. Nxe6 Bxe6 23. Rxe6 Ne4 24. Bxe4 fxe4 25. Qe2 Rf5 26. Qg4 Rcf8 27. c3
Qd7 28. Re5 Bxe5 29. dxe5 Qe6 30. Bd4 h5 31. Qh4 Kg7 32. Rf1 Kf7 33. h3 Ke8 34.
Kh2 Qg6 35. Rf2 Kd7 36. Be3 R5f7 37. Rd2 Ke6 38. b3 Rc8 39. bxc4 Rxc4 40. Qd8
Rd7 41. Qh8 Re7 42. f5+ Qxf5 43. Qh6+ Kd7 44. Rxd5+ Ke8 45. Qh8+ Kf7 46. e6+
Qxe6 47. Qxh5+ Kf8 48. Bh6+ Rg7 49. Rd8+ Ke7 50. Re8+ 1-0

[Event "Quebec-ch"]
[Site "Montreal CAN"]
[Date "1994.06.10"]
[Round "9"]
[White "Levtchouk, George"]
[Black "Barbeau, Sylvain"]
[Result "1/2-1/2"]
[WhiteElo "2300"]
[BlackElo "2380"]
[PlyCount "42"]
[EventDate "1994.05.30"]
[EventType "tourn"]
[EventRounds "9"]
[EventCountry "CAN"]

1. d4 Nf6 2. c4 g6 3. Nc3 d5 4. Nf3 Bg7 5. Bg5 Ne4 6. cxd5 Nxg5 7. Nxg5 O-O 8.
Nf3 c6 9. dxc6 Nxc6 10. e3 e5 11. dxe5 Nxe5 12. Be2 Qa5 13. Nd4 Nc6 14. O-O
Nxd4 15. exd4 Qb6 16. Nd5 Qd6 17. Bf3 Be6 18. Nc3 Bc4 19. Ne2 Rae8 20. Re1 Re7
21. b3 Bxe2 1/2-1/2

[Event "Grand Prix"]
[Site "Montreal CAN"]
[Date "1994.05.20"]
[Round "1"]
[White "Abreu Cordero, Jose"]
[Black "Barbeau, Sylvain"]
[Result "0-1"]
[WhiteElo "1961"]
[BlackElo "2383"]
[PlyCount "118"]
[EventDate "1994.05.20"]
[EventType "swiss"]
[EventRounds "5"]
[EventCountry "CAN"]

1. d4 Nf6 2. c4 g6 3. Nc3 d5 4. Nf3 Bg7 5. e3 O-O 6. Be2 c5 7. dxc5 Qa5 8. O-O
dxc4 9. Bxc4 Qxc5 10. Bb3 Nc6 11. e4 Bg4 12. h3 Rad8 13. Be3 Qa5 14. Qe2 Bh5
15. Rad1 Ne5 16. Rxd8 Nxf3+ 17. gxf3 Rxd8 18. Rd1 e6 19. Rxd8+ Qxd8 20. Bxa7
Nd7 21. Qe3 Ne5 22. f4 Bh6 23. Bb6 Qh4 24. Qg3 Qxf4 25. Qxf4 Bxf4 26. Bd1 Bxd1
27. Nxd1 Nc4 28. Bd4 Nd2 29. Kg2 e5 30. Be3 Bxe3 31. Nxe3 Nxe4 32. Ng4 Nd6 33.
Nxe5 f6 34. Nd3 Kf7 35. Kf3 Ke6 36. Nc5+ Kd5 37. Nd7 Ke6 38. Nc5+ Ke5 39. Nd7+
Kf5 40. b4 b5 41. Nc5 g5 42. a4 bxa4 43. Nxa4 h5 44. Nc3 Ke5 45. Ne2 f5 46. h4
g4+ 47. Ke3 f4+ 48. Kd3 Ne4 49. f3 gxf3 50. Nd4 Nf2+ 51. Kc4 Ke4 52. b5 Ng4 53.
Nb3 Ke3 54. Kc3 f2 55. Nd2 f3 56. b6 Nf6 57. b7 Nd7 58. Nc4+ Ke2 59. Ne5 Nb8
0-1

[Event "Grand Prix"]
[Site "Montreal CAN"]
[Date "1994.05.22"]
[Round "4"]
[White "Barbeau, Sylvain"]
[Black "Taylor, Gordon"]
[Result "1-0"]
[WhiteElo "2383"]
[BlackElo "2288"]
[PlyCount "77"]
[EventDate "1994.05.20"]
[EventType "swiss"]
[EventRounds "5"]
[EventCountry "CAN"]

1. f4 d5 2. Nf3 Nf6 3. g3 g6 4. Bg2 Bg7 5. O-O O-O 6. d3 c5 7. Nc3 Nc6 8. a3 d4
9. Ne4 Nxe4 10. dxe4 e5 11. f5 gxf5 12. exf5 Bxf5 13. Nxe5 Nxe5 14. Rxf5 Qe7
15. Bg5 f6 16. Bf4 Rad8 17. Bxe5 fxe5 18. Qd3 Rxf5 19. Qxf5 Rf8 20. Qh5 Rf6 21.
Bd5+ Kh8 22. Rf1 Rxf1+ 23. Kxf1 e4 24. b3 b5 25. Kg2 d3 26. cxd3 exd3 27. exd3
c4 28. bxc4 bxc4 29. dxc4 Qxa3 30. Be4 h6 31. Qf5 Kg8 32. c5 Qb2+ 33. Kh3 Qf6
34. Qd5+ Kh8 35. c6 Qf1+ 36. Bg2 Qf8 37. c7 Qc8+ 38. g4 Qxc7 39. Qa8+ 1-0

[Event "Laval XI"]
[Site "Laval CAN"]
[Date "1994.03.27"]
[Round "5"]
[White "Moisan-Plante, Marc-Olivier"]
[Black "Barbeau, Sylvain"]
[Result "0-1"]
[WhiteElo "2130"]
[BlackElo "2380"]
[PlyCount "86"]
[EventDate "1994.03.25"]
[EventType "swiss"]
[EventRounds "5"]
[EventCountry "CAN"]

1. e4 c5 2. Nf3 Nc6 3. d4 cxd4 4. Nxd4 Nf6 5. Nc3 d6 6. Bc4 Qb6 7. Nb3 e6 8.
O-O Be7 9. Bg5 Ne5 10. Bd3 O-O 11. Kh1 Ng6 12. Be3 Qc7 13. f4 a6 14. a4 b6 15.
Qe1 Bb7 16. Qg3 Rfe8 17. Nd4 Bf8 18. Rae1 d5 19. e5 Ne4 20. Qg4 Bb4 21. Rf3 Qd7
22. Rh3 Rac8 23. Rf1 f5 24. exf6 Nxf6 25. Qg5 Ne4 26. Qh5 Nf6 27. Qg5 Ne4 28.
Qh5 Nf8 29. f5 e5 30. f6 Nxf6 31. Rxf6 gxf6 32. Rg3+ Kh8 33. Nf5 Ne6 34. Nh6
Rc7 35. Bxb6 Rf8 36. Bxc7 Nxc7 37. Bf5 Qe7 38. Rh3 d4 39. Ng4 Rf7 40. Nh6 Rg7
41. Na2 Bxg2+ 42. Kg1 Bf3+ 43. Qg6 hxg6 0-1

[Event "Mauricie op"]
[Site "Trois-Rivieres CAN"]
[Date "1994.03.19"]
[Round "2"]
[White "Dupuis, Stephane"]
[Black "Barbeau, Sylvain"]
[Result "0-1"]
[WhiteElo "2187"]
[BlackElo "2351"]
[PlyCount "64"]
[EventDate "1994.03.17"]
[EventType "swiss"]
[EventRounds "5"]
[EventCountry "CAN"]

1. e4 c5 2. Nf3 Nc6 3. d4 cxd4 4. Nxd4 Nf6 5. Nc3 d6 6. Bc4 Qb6 7. Nb3 e6 8.
Be3 Qc7 9. Qe2 Be7 10. f4 a6 11. O-O O-O 12. a4 b6 13. Nd2 Re8 14. Kh1 Bb7 15.
Bf2 d5 16. exd5 exd5 17. Nxd5 Nxd5 18. Bxd5 Bb4 19. Ne4 Na5 20. Bd4 Bxd5 21.
Qg4 Bf8 22. Nf6+ Kh8 23. Nxd5 Qxc2 24. Nxb6 Rad8 25. Bc3 Nb3 26. Rad1 Nc5 27.
Rxd8 Rxd8 28. Qh4 Qd3 29. Re1 Ne4 30. Nc4 f6 31. f5 Nxc3 32. Ne5 fxe5 0-1

[Event "Mauricie op"]
[Site "Trois-Rivieres CAN"]
[Date "1994.03.20"]
[Round "4"]
[White "Barbeau, Sylvain"]
[Black "Koliada, Timour"]
[Result "1-0"]
[WhiteElo "2351"]
[BlackElo "2374"]
[PlyCount "87"]
[EventDate "1994.03.17"]
[EventType "swiss"]
[EventRounds "5"]
[EventCountry "CAN"]

1. e4 g6 2. d4 Bg7 3. Nf3 d6 4. Nc3 Nc6 5. h3 e5 6. Be3 exd4 7. Nxd4 Nf6 8.
Nxc6 bxc6 9. e5 dxe5 10. Qxd8+ Kxd8 11. O-O-O+ Nd7 12. g4 Ke7 13. Bg2 Bb7 14.
Nb5 a6 15. Na7 f5 16. gxf5 gxf5 17. Nxc6+ Ke8 18. Bf3 Nf8 19. Nxe5 Bxe5 20.
Bxb7 Bxb2+ 21. Kxb2 Rb8 22. Rhe1 Rxb7+ 23. Kc1 Kf7 24. Bc5 Rg8 25. Re7+ Kf6 26.
Re8 Kf7 27. Rxf8+ Rxf8 28. Bxf8 Kxf8 29. Rd5 Rb5 30. Rxb5 axb5 31. Kb2 Ke7 32.
Kb3 Kd6 33. Kb4 Kc6 34. c4 bxc4 35. Kxc4 f4 36. f3 Kb6 37. h4 h5 38. a3 Kc6 39.
a4 Kb6 40. Kb4 Kc6 41. a5 Kd5 42. a6 Kc6 43. Ka5 Kd5 44. a7 1-0

[Event "Mauricie op"]
[Site "Trois-Rivieres CAN"]
[Date "1994.03.20"]
[Round "5"]
[White "Berube, Richard"]
[Black "Barbeau, Sylvain"]
[Result "0-1"]
[WhiteElo "2244"]
[BlackElo "2351"]
[PlyCount "92"]
[EventDate "1994.03.17"]
[EventType "swiss"]
[EventRounds "5"]
[EventCountry "CAN"]

1. e4 c5 2. Nf3 Nc6 3. d4 cxd4 4. Nxd4 Nf6 5. Nc3 d6 6. Bc4 Qb6 7. Nb3 e6 8.
Be3 Qc7 9. Bd3 Be7 10. O-O a6 11. a4 b6 12. f4 O-O 13. Kh1 Bb7 14. Qe2 Rfe8 15.
Bf2 Nd7 16. Rad1 Bf6 17. e5 dxe5 18. Bxh7+ Kxh7 19. Qd3+ Kg8 20. Qxd7 Qxd7 21.
Rxd7 Re7 22. Rxe7 Nxe7 23. fxe5 Bxe5 24. Bxb6 Bxc3 25. bxc3 Bd5 26. Nc5 Nf5 27.
Nd3 Rc8 28. Nf4 Be4 29. Nd3 Rxc3 30. Nc5 Bc6 31. Rf2 Ra3 32. h3 Rxh3+ 33. Kg1
Ra3 34. a5 Ne3 35. Nb3 Nc4 36. Re2 Bb5 37. Re4 Ra2 38. Nd4 Nxa5 39. Nxb5 axb5
40. c3 Nc4 41. Bc5 e5 42. Re1 Rc2 43. Bb4 Rd2 44. Bc5 Rd5 45. Bb4 f5 46. Ra1 e4
0-1